02674nam a2200241Ia 4500008004100000020001800041040001800059041000800077245012200085260004900207300002200256490006900278504003900347505187300386650002002259650001702279650002802296650001802324650001402342650001902356700002902375700002802404130821s2012 xxu gr eng  a9780415897587 aCo-BoUCMbspa00aeng00aMaking gender, making war violence, military and peacekeeping practicesceditado por Annica Kronsell yErika Svedberg aNueva York (Estados Unidos)bRoutledgec2012 axi, 253 páginas0 aRoutledge advances in feminist studies and intersectionalityv 6 aIncluye bibliografía e índice.0 aIntroduction: making gender, making war / Annica Kronsell and Erika Svedberg -- Theme I: conceptualizing gender, violence, militarism -- Gender relations as causal in militarization and war : a feminist standpoint / Cynthia Cockburn -- Men/masculinities : war/militarism - searching (for) the obvious connections? / Jeff Hearn -- Theme II: making gender and (re)making the nation -- What does a bath towel have to do with security policy? : gender trouble in the Swedish Armed Forces / Maud Eduards -- Friendly war-fighters and invisible women : perceptions of gender and masculinities in the Norwegian Armed Forces on missions abroad / Torunn Laugen Haaland -- The "Rotten report" and the reproduction of masculinity, nation, and security in Turkey / Alp Biricik -- Men making peace in the name of just war : the case of Finland / Pirjo Jukarainen -- Theme III: institutional practices and travelling concepts -- Analyzing UN & NATO responses to sexual misconduct in peacekeeping operations / Laura Hebert -- A gendered protection for the "victims" of war : mainstreaming gender in refugee protection / Jane Freedman -- Experiences, reflections, and learning : feminist organizations, security discourse, and SCR 1325 / Laura McLeod -- Theme IV: gender subjectivity in the organization of violence -- Nordic women and international crisis management : a politics of hope? / Elina Penttinen -- Women in militant movements : (un)comfortable silences and discursive strategies / Swati Parashar -- In the business of (in)security : mavericks, mercenaries, and masculinities in the private security company / Paul Higate -- Re-envisioning masculinities in the context of conflict transformation : the gender politics of demilitarizing Northern Ireland society / Fidelma Ashe -- Conclusions -- Is feminism being co-opted by militarism? / Annica Kronsell and Erika Svedberg.04aCiencia militar04aMasculinidad04aMujeres y los militares04aMujeres y paz04aPacifismo04aRoles sexuales1 aKronsell, Annicaeeditor1 aSvedberg, Erikaeeditor